01044nam a2200277uu 4500001000800000005001700008008004100025035001200066040001300078041000800091082000800099100005200107245011400159260003500273300001700308650002000325650004100345650002900386650002500415650002900440700005400469700005400523942000900577999001900586952016100605139474820260508085552.0141209e20011209 ||||||m| spa  a1394748 ccomduadb aspa 4a62810aUribe Bolivar, Luisa Fernando4auteaut969789510aPlan de manejo ambiental zona industrial. Comercializadora Internacional Unión de Bananeros de Urabá S.A. aMedellín :bAutor(a),c2001. a111 h. : il. aUnibán955604 aManejo de residuos sólidos9198265 aManejo ambiental9116229 aUso del agua9200041 aFincas bananeras920813410aCorrea Ochoa, Mauricio Andrés4thseths953409510aSalazar Ardila, Mauricio Adolfo4thseths9718328 cBOOK c694097d694097 001040708GENERALaSCDMbSCDMd2014-12-09eMaterial adquirido por donacióniC1218819l0o628.445 U76p0995991r2023-05-03 00:00:00t1w2023-05-03yTESIS